[Event "HUN-chT2 Szechenyi 0203"]
[Site "Hungary"]
[Date "2002.11.24"]
[Round "3"]
[White "Lajer, Laszlo"]
[Black "Vilaghy, Andras"]
[Result "1-0"]
[WhiteElo "2038"]
[BlackElo "1965"]
[PlyCount "49"]
[EventDate "2002.09.22"]
[EventType "team-tourn"]
[EventRounds "11"]
[EventCountry "HUN"]
[SourceTitle "EXT 2009"]
[Source "ChessBase"]
[SourceDate "2008.11.26"]
[SourceVersion "1"]
[SourceVersionDate "2008.11.26"]
[SourceQuality "1"]

1. e4 e5 2. Nf3 Nc6 3. Bb5 a6 4. Ba4 Nf6 5. d4 exd4 6. 0-0 Be7 7. e5 Nd5 8. Re1 0-0 9. a3 Nb6 10. Bb3 d5 11. Nxd4 Nxd4 12. Qxd4 c5 13. Qd1 Be6 14. c3 Qc7 15. Bc2 Rfd8 16. f4 d4 17. cxd4 cxd4 18. f5 Bc4 19. f6 Bc5 20. Bxh7+ Kxh7 21. Qh5+ Kg8 22. fxg7 Kxg7 23. Bh6+ Kh7 24. Bg5+ Kg8 25. Bf6 1-0

[Event "HUN-chT2 Szechenyi 0203"]
[Site "Hungary"]
[Date "2002.10.13"]
[Round "2"]
[White "Varga, Jozsef"]
[Black "Lajer, Laszlo"]
[Result "1-0"]
[WhiteElo "2059"]
[BlackElo "2038"]
[PlyCount "127"]
[EventDate "2002.09.22"]
[EventType "team-tourn"]
[EventRounds "11"]
[EventCountry "HUN"]
[SourceTitle "EXT 2009"]
[Source "ChessBase"]
[SourceDate "2008.11.26"]
[SourceVersion "1"]
[SourceVersionDate "2008.11.26"]
[SourceQuality "1"]

1. e4 e5 2. Bc4 Nf6 3. d3 d6 4. Nc3 Be7 5. a3 Nc6 6. Nge2 Bg4 7. f3 Be6 8. Nd5 h6 9. Be3 Nh7 10. 0-0 0-0 11. Nxe7+ Qxe7 12. Ng3 Rad8 13. c3 Bxc4 14. dxc4 Qe6 15. b3 Ne7 16. Qc2 b6 17. Rad1 f5 18. Bc1 f4 19. Nh1 Ng5 20. Qe2 Ng6 21. Nf2 Nh4 22. Rd3 Qg6 23. Nd1 Qh5 24. Rf2 Rf6 25. Kf1 Rdf8 26. Ke1 Ne6 27. b4 Ng6 28. h3 Nh4 29. Kd2 Qe8 30. Nb2 Rg6 31. Kc2 a5 32. Kb3 axb4 33. axb4 Qa8 34. Kc2 Rg3 35. Rd2 Rf6 36. Kb3 Qa6 37. Nd3 Rf8 38. Ra2 Qb7 39. Ne1 Ng6 40. Qd3 Ne7 41. Ra3 Ra8 42. Rfa2 Rxa3+ 43. Rxa3 Rg6 44. Qc2 Rf6 45. Qa2 Rf8 46. Kc2 Nc6 47. c5 Qc8 48. Nd3 Kh7 49. b5 Na5 50. c6 Qe8 51. Nb4 Qg6 52. Kb1 Nc5 53. Qc2 Qg3 54. Nd5 Rf7 55. Qe2 Ne6 56. Qa2 Qg6 57. Qe2 Nc5 58. Ra2 Qg3 59. Ba3 Ne6 60. Bb4 Nb3 61. Kb2 Nbc5 62. Ra7 Qh2 63. Bxc5 Nxc5 64. Nxb6 1-0